| 000 | 00324nam a2200121Ia 4500 | ||
|---|---|---|---|
| 999 |
_c12191 _d12191 |
||
| 082 | _aRR 364.954 CRI:96 | ||
| 100 | _aIndia. Ministry of Home Affairs. National Crime Records Bureau | ||
| 245 | 0 | _aCrime in India 1996 | |
| 260 |
_aNew Delhi _bthe author _c1998 |
||
| 300 | _a401p. | ||
| 650 | _aCRIME - INDIA | ||
| 942 |
_cBK _2ddc |
||